00812nam a2200193 a 450000100100000000500170001000800410002704000250006808200200009310000410011324501090015425000110026326000670027430000200034150000790036150000430044095201180048399900170060100003511920200930074121.0111025s1909 sp 000 0 spa d aDO-SdBNPbspacBNPHU axxxxbE18, 19091 aEchegaray, Miguel,d1870-192296079613aLa rabalera :bzarzuela en un acto y tres cuadros, en prosa /cMiguel Echegharay ;música Amadeo Vives. a2a ed. aMadrid :bR. Velasco, impresor, Marqués de Santa Ana,c1909. a41 p. ;c20 cm. aEstrenada en el Teatro de la Zarzuela en la noche del 22 de marzo de 1907. aIncluye notas al pie de las páginas. 001050718MOaGRbGRcCTd2011-10-25iLF1l0oxxxx E18, 1909p35119-10r2020-06-25w2020-06-25y1ZNo se presta c34610d34610